Integrated Electronics (Record no. 835)

MARC details
000 -LEADER
fixed length control field 00333nam a2200145Ia 4500
008 - FIXED-LENGTH DATA ELEMENTS--GENERAL INFORMATION
fixed length control field 191201s2007 xx 000 0 und d
082 ## - DEWEY DECIMAL CLASSIFICATION NUMBER
Classification number 621.38215
Item number MII
100 ## - MAIN ENTRY--PERSONAL NAME
Personal name MILLMAN, jacob
245 #0 - TITLE STATEMENT
Title Integrated Electronics
250 ## - EDITION STATEMENT
Edition statement 39th
260 ## - PUBLICATION, DISTRIBUTION, ETC. (IMPRINT)
Place of publication, distribution, etc N.Delhi
Name of publisher, distributor, etc TMH
Date of publication, distribution, etc 2007
300 ## - PHYSICAL DESCRIPTION
Extent 910
650 ## - SUBJECT ADDED ENTRY--TOPICAL TERM
Topical term or geographic name as entry element B.Tech(ECE)
942 ## - ADDED ENTRY ELEMENTS (KOHA)
Source of classification or shelving scheme Dewey Decimal Classification
Koha item type Text Books
Holdings
Withdrawn status Lost status Source of classification or shelving scheme Damaged status Not for loan Collection code Home library Current library Date acquired Source of acquisition Cost, normal purchase price Bill Number Total Checkouts Full call number Acc. no. / Barcode Date last seen Bill Date Koha item type
    Dewey Decimal Classification     B.Tech(ECE) PIET C-LIBRARY PIET C-LIBRARY 07/08/2006 M/s UBS Publishers, New Delhi 200.00 125415   621.38173 MII 205 04/12/2019 18/08/2005 Text Books
    Dewey Decimal Classification     B.Tech(ECE) PIET C-LIBRARY PIET C-LIBRARY 07/08/2006 M/s UBS Publishers, New Delhi 200.00 125415   621.38215 MII 206 04/12/2019 18/08/2005 Text Books
    Dewey Decimal Classification     B.Tech(ECE) PIET C-LIBRARY PIET C-LIBRARY 07/08/2006 M/s UBS Publishers, New Delhi 200.00 125415   621.38173 MII 207 04/12/2019 18/08/2005 Text Books
    Dewey Decimal Classification     B.Tech(ECE) PIET C-LIBRARY PIET C-LIBRARY 07/08/2006 M/s UBS Publishers, New Delhi 200.00 125415   621.38173 MII 208 04/12/2019 18/08/2005 Text Books

Design & Developed by: PIET Central Library
R70 Miles Stone Pattikalyana Samalkha Panipat 132102
mail ID :- [email protected], Phone No:- 0180-2569700 Ex.216